[Event "Let's Play Chess!"]
[Site "http://www.queenalice.com/game.php?id=562230"]
[Date "2009.3.27"]
[Round "-"]
[White "Chiavega"]
[Black "basti822"]
[Result "0-1"]
[WhiteElo "1318"]
[BlackElo "1734"]

1. d4 g6 2. Nf3 Bg7 3. e4 d6 4. d5 c5 5. Bb5+ Bd7 6. Bc4 Qa5+ 7. c3 Bg4 8. Be2
Bxf3 9. Bxf3 Nd7 10. O-O Ne5 11. Be2 Qb6 12. b3 Nf6 13. Na3 O-O 14. Re1 Nxe4 15.
Qc2 f5 16. h3 c4 17. Be3 Qa5 18. b4 Qxa3 19. Bc1 Qxc3 20. Qxc3 Nxc3 21. Bf1 Nd3
22. Bxd3 Ne2+ 23. Bxe2 Bxa1 24. Bxc4 Rae8 25. Bd2 Bd4 26. Bh6 Rf6 27. Bg5 Rf7
28. Bc1 e5 29. Rf1 e4 30. Bb5 Re5 31. Bc4 f4 32. Kh2 Rg5 33. b5 e3 34. h4 Rh5
35. Kh3 exf2 36. g4 Re5 37. Bd2 Be3 38. Bc3 Re4 39. Bd3 Ra4 40. Bb2 Rxa2 0-1

[Event "Let's Play Chess!"]
[Site "http://www.queenalice.com/game.php?id=562507"]
[Date "2009.3.27"]
[Round "-"]
[White "Chiavega"]
[Black "jogoxadrez"]
[Result "1-0"]
[WhiteElo "1310"]
[BlackElo "1095"]

1. d4 d5 2. Nc3 Nf6 3. h3 Qd6 4. a3 a5 5. Nb5 Qb6 6. e3 c6 7. Nc3 h5 8. Na4 Qc7
9. Rh2 Qxh2 10. Nf3 Qh1 11. Nc5 e6 12. Ke2 g5 13. Nxg5 Qg1 14. Nf3 1-0

[Event "AUTO-INT-1252"]
[Site "http://www.queenalice.com/game.php?id=562682"]
[Date "2009.3.27"]
[Round "1"]
[White "Chiavega"]
[Black "XaraX"]
[Result "0-1"]
[WhiteElo "1310"]
[BlackElo "1754"]

1. d4 d5 2. Nf3 Nf6 3. e3 Bg4 4. Nc3 Nc6 5. Qd3 Bxf3 6. gxf3 e6 7. a3 Bd6 8. f4
O-O 9. h3 a6 10. Rg1 Nh5 11. Rg5 g6 12. Be2 Bxf4 13. exf4 Nxf4 14. Qg3 Nxe2 15.
Kxe2 Nxd4+ 16. Kd3 Nf5 17. Qg4 Kh8 18. Rh5 gxh5 19. Qf4 Qh4 20. Qe5+ Ng7 21. Ke2
Qc4+ 22. Kd1 Qf1+ 23. Kd2 Qxf2+ 24. Ne2 c6 25. b3 f6 26. Qd4 Qxd4+ 27. Nxd4 e5
28. Nf3 e4 29. Nd4 f5 30. Kc3 f4 31. a4 f3 32. Ba3 f2 33. Rf1 Rf7 34. Ne2 Ne6
35. Bc1 Rf3+ 36. Kb2 Raf8 37. h4 Rh3 38. Bh6 Rf6 39. Bd2 Rxh4 40. Ng3 Nd4 41.
Bg5 Rg4 42. Bxf6+ Kg8 43. Nxh5 e3 44. Kc3 Rg1 45. Rxf2 exf2 46. Bxd4 f1=Q 47.
Nf6+ Kf7 48. Nxh7 Qh3+ 49. Kb4 Qxh7 50. Kc3 Rg2 51. Kb4 Qxc2 0-1

[Event "AUTO-INT-1252"]
[Site "http://www.queenalice.com/game.php?id=562683"]
[Date "2009.3.27"]
[Round "1"]
[White "XaraX"]
[Black "Chiavega"]
[Result "1-0"]
[WhiteElo "1740"]
[BlackElo "1310"]

1. d4 d5 2. c4 Nf6 3. Nc3 Bg4 4. h3 Bd7 5. Bg5 Nh5 6. e3 f6 7. Qxh5+ g6 8. Qf3
h6 9. Bh4 g5 10. Bg3 h5 11. Qxd5 c6 12. Qe4 e6 13. Qg6+ Ke7 14. c5 Be8 15. Qc2
Rh6 16. Bd3 h4 17. Bd6+ Kf7 18. Bxf8 Kxf8 19. Nf3 Qc7 20. Ne4 Qa5+ 21. Qc3 Qc7
22. Nd6 Bg6 23. Bxg6 Rxg6 24. Qb3 b6 25. O-O-O Nd7 26. Qxe6 Rg7 27. Nf5 Re8 28.
Qd6+ Qxd6 29. Nxd6 Re6 30. cxb6 axb6 31. Nc4 b5 32. Na5 c5 33. dxc5 Nxc5 34.
Rd8+ Kf7 35. Rd7+ Nxd7 36. Rd1 Nc5 37. Nd4 Ra6 38. b4 Ne4 39. f3 Kg6 40. fxe4
Rc7+ 41. Kb2 Kf7 42. Nxb5 Re7 43. Rd6 Re6 44. Rd7+ Kg6 45. Nc7 Ra7 46. Nxe6 1-0

[Event "AUTO-INT-1252"]
[Site "http://www.queenalice.com/game.php?id=562684"]
[Date "2009.3.27"]
[Round "1"]
[White "Chiavega"]
[Black "yclaudiu35"]
[Result "0-1"]
[WhiteElo "1340"]
[BlackElo "1670"]

1. d4 e6 2. e4 d5 3. e5 a6 4. a3 Nc6 5. b4 Nge7 6. Nc3 Ng6 7. h3 Qh4 8. Qf3 Qxd4
9. Nge2 Qxe5 10. g3 Nd4 11. Ra2 Nxf3+ 12. Kd1 c5 13. Bg2 Nd4 14. Re1 cxb4 15.
Nf4 Qc7 16. Nb1 bxa3 17. c3 Qc4 18. Bxd5 Qa4+ 19. Kd2 Nb3+ 20. Kd3 Nxc1+ 21.
Rxc1 Nxf4+ 22. gxf4 exd5 23. Re1+ Be7 0-1

[Event "AUTO-INT-1252"]
[Site "http://www.queenalice.com/game.php?id=562685"]
[Date "2009.3.27"]
[Round "1"]
[White "yclaudiu35"]
[Black "Chiavega"]
[Result "1-0"]
[WhiteElo "1719"]
[BlackElo "1337"]

1. e4 e5 2. Nf3 Nc6 3. a3 Nf6 4. Nc3 h6 5. Bb5 a6 6. Bxc6 bxc6 7. Nxe5 Qe7 8.
Nf3 Nxe4 9. Nxe4 g5 10. O-O Qd8 11. Re1 Be7 12. b3 d5 13. Nf6+ Kf8 14. Nh5 Bg4
15. Ng3 h5 16. Nf1 Bf6 17. h3 Bf5 18. Rb1 g4 19. hxg4 Bxg4 20. Qe2 Kg7 21. N1h2
Be6 22. c3 Qd6 23. Ne5 Rae8 24. d4 Bf5 25. Bf4 h4 26. Qxa6 h3 27. Qxc6 Qf8 28.
Qxd5 Re7 29. Nc6 hxg2 30. Nxe7 Rh4 31. Nxf5+ Kh7 32. Nxh4 1-0

[Event "AUTO-OPEN-1492"]
[Site "http://www.queenalice.com/game.php?id=562812"]
[Date "2009.3.27"]
[Round "1"]
[White "drd123"]
[Black "Chiavega"]
[Result "1-0"]
[WhiteElo "1903"]
[BlackElo "1310"]

1. d4 d5 2. c4 Be6 3. e3 Nf6 4. cxd5 Bxd5 5. Nc3 Be6 6. Nf3 c6 7. Bd3 Bg4 8. O-O
g6 9. h3 Bc8 10. Bd2 b5 11. a3 Be6 12. Re1 Nbd7 13. e4 Nb6 14. Be3 h6 15. Rc1
Bc4 16. Nb1 Na4 17. b3 Nb2 18. Qc2 Nxd3 19. bxc4 Nxe1 20. Nxe1 Rb8 21. cxb5 cxb5
22. Bf4 Rc8 23. Qxc8 Qxc8 24. Rxc8+ Kd7 25. Rc7+ Kd8 26. Rxa7 Kc8 27. f3 g5 28.
Bh2 Bg7 29. Ra8+ Kb7 30. Rxh8 Bxh8 31. Nc3 Kb6 32. Be5 e6 33. d5 Nd7 34. Bxh8
Ka5 35. dxe6 1-0

[Event "AUTO-OPEN-1492"]
[Site "http://www.queenalice.com/game.php?id=562813"]
[Date "2009.3.27"]
[Round "1"]
[White "Chiavega"]
[Black "drd123"]
[Result "0-1"]
[WhiteElo "1310"]
[BlackElo "1901"]

1. d4 Nf6 2. Nf3 b5 3. e3 a6 4. a4 b4 5. Bc4 d5 6. Bd3 Bb7 7. Ne5 Nbd7 8. Bf5 e6
9. Bh3 Bd6 10. Nd3 a5 11. b3 O-O 12. O-O h6 13. c3 bxc3 14. Nxc3 Ba6 15. Re1 Rb8
16. g3 Bxd3 17. Qxd3 c5 18. Qa6 cxd4 19. Nb5 Bb4 20. Rd1 Nc5 21. exd4 Nxa6 22.
Na3 Qe7 23. Bf4 Rbc8 24. Bf1 Bxa3 25. Bxa6 Rc2 26. Bd3 Rb2 27. g4 Nxg4 28. h3
Nxf2 29. Be2 Nxh3+ 30. Kf1 Nxf4 31. Bf3 Qh4 32. Rac1 Qf2# 0-1

[Event "AUTO-OPEN-1492"]
[Site "http://www.queenalice.com/game.php?id=562836"]
[Date "2009.3.27"]
[Round "1"]
[White "C_E_L_E"]
[Black "Chiavega"]
[Result "1-0"]
[WhiteElo "1901"]
[BlackElo "1318"]

1. e4 e5 2. Nf3 Nc6 3. d4 f6 4. Bc4 Nh6 5. O-O d6 6. Bb5 Bd7 7. Bxh6 a6 8. Bxc6
Bxc6 9. Be3 Bxe4 10. dxe5 d5 11. exf6 gxf6 12. Nd4 Qd6 13. Nc3 Bg6 14. Re1 Rd8
15. Bf4+ Kf7 16. Bxd6 Bxd6 17. Qf3 Rd7 18. Nxd5 Kg7 19. Qxf6+ Kh6 20. Re3 Rf8
21. Rh3# 1-0

[Event "AUTO-OPEN-1492"]
[Site "http://www.queenalice.com/game.php?id=562837"]
[Date "2009.3.27"]
[Round "1"]
[White "Chiavega"]
[Black "C_E_L_E"]
[Result "0-1"]
[WhiteElo "1318"]
[BlackElo "1903"]

1. d4 d5 2. Nc3 Nf6 3. Nf3 e6 4. a3 c5 5. e3 Bd6 6. Bb5+ Nbd7 7. Bd3 O-O 8. Ng5
c4 9. Be2 a6 10. h3 b5 11. Nb1 Bb7 12. b4 a5 13. Nc3 axb4 14. Nxb5 Be7 15. c3 b3
16. a4 Bc6 17. Na3 Rxa4 18. f3 h6 19. h4 hxg5 20. hxg5 Qa5 21. Qd2 Bxa3 22. Kf2
Bxc1 23. Qe1 Rxa1 24. Qg1 Bxe3+ 0-1

[Event "Challenge"]
[Site "http://www.queenalice.com/game.php?id=570381"]
[Date "2009.4.11"]
[Round "-"]
[White "Chiavega"]
[Black "pcapell"]
[Result "1-0"]
[WhiteElo "1328"]
[BlackElo "1225"]

1. d4 d5 2. Nc3 Nf6 3. b3 Bg4 4. h3 Bf5 5. g4 Bg6 6. Bg2 Be4 7. f3 Bg6 8. h4 h6
9. h5 Bh7 10. Nh3 e6 11. a3 Nc6 12. Nb5 Be7 13. Bf4 O-O 14. Qd2 Bd6 15. Be3 e5
16. c3 exd4 17. cxd4 a6 18. Nxd6 Qxd6 19. Bf4 Qe7 20. O-O g5 21. Bg3 Rae8 22. e3
Qxe3+ 23. Qxe3 Rxe3 24. Bxc7 Rc8 25. Bg3 Nxd4 26. Kh1 Ne2 27. Rfe1 Rcc3 28. Bf2
Re5 29. Ra2 Rxb3 30. Bd4 Ng3+ 31. Kh2 Rxe1 32. Kxg3 Nd7 33. Bf2 Re5 34. Ng1 Kh8
35. Bd4 f6 36. Rc2 Re1 37. Rc8+ Bg8 38. Bf2 Re5 39. Bd4 Re1 40. Rd8 Ne5 41. Re8
Rd1 42. Bf2 Rxa3 43. Rf8 Rdd3 44. Rxf6 Nf7 45. Bc5 b5 46. Bf8 a5 47. Rg6 b4 48.
Bg7+ Kh7 49. Bf6 Nh8 50. Rg7# 1-0

[Event "Challenge"]
[Site "http://www.queenalice.com/game.php?id=570802"]
[Date "2009.4.12"]
[Round "-"]
[White "Chiavega"]
[Black "edgarchiroleo"]
[Result "0-1"]
[WhiteElo "1340"]
[BlackElo "1318"]

1. d4 d5 2. Nc3 Bf5 3. Nf3 Nc6 4. h3 e6 5. a3 g6 6. Bf4 a6 7. Bg5 f6 8. Bf4 g5
9. Be3 Nge7 10. h4 h6 11. g3 g4 12. Nd2 h5 13. Nb3 b6 14. Bf4 e5 15. Bd2 exd4
16. Nb1 a5 17. a4 Qd6 18. Na3 Nb4 19. Bf4 Qe6 20. Bg2 Be4 21. Nxd4 Qd7 22. Nab5
Na6 23. Rh2 Bxg2 24. Rxg2 Bh6 25. Bd2 Bxd2+ 26. Qxd2 c6 27. Nc3 O-O-O 28. Nd1
Nf5 29. c3 Nxd4 30. cxd4 c5 31. Qd3 c4 32. Rc1 Qxa4 33. Qf5+ Kb7 34. Nc3 Qc6 35.
Qg6 Rde8 36. Qf7+ Ka8 37. e3 Qe6 38. Qg6 Nb4 39. Kd2 f5 40. Qg5 Ka7 41. Qg7+ Ka6
42. Rgg1 Nc6 43. Qg5 b5 44. b4 axb4 45. Ra1+ Kb6 46. Ra2 bxc3+ 47. Kc2 Qe4+ 48.
Kc1 Nb4 49. Qg6+ Re6 50. Qg7 Nxa2+ 51. Kd1 Ra8 52. Ke2 c2 0-1

[Event "Poirot x Chiavega "]
[Site "http://www.queenalice.com/game.php?id=585881"]
[Date "2009.5.9"]
[Round "-"]
[White "Poirot"]
[Black "Chiavega"]
[Result "1-0"]
[WhiteElo "1796"]
[BlackElo "1352"]

1. e4 b6 2. d4 Bb7 3. Nc3 a5 4. d5 d6 5. Bb5+ c6 6. dxc6 Bxc6 7. Bxc6+ Nxc6 8.
Nf3 h6 9. O-O e5 10. Be3 g5 11. Nd5 Ra6 12. Qd3 Nb4 13. Nxb4 Ra8 14. Qb5+ Ke7
15. Nc6+ Ke6 16. Nxd8+ Rxd8 17. Bxb6 Rb8 18. Qd5+ Kf6 19. Qxa5 Ne7 20. Bc7 Rc8
21. Bxd6 Rc6 22. Qxe5+ Kg6 23. Bxe7 Re6 24. Qxh8 Bxe7 25. Ne5+ Kh5 26. Nxf7 1-0

[Event "Chiavega x Poirot"]
[Site "http://www.queenalice.com/game.php?id=585882"]
[Date "2009.5.9"]
[Round "-"]
[White "Chiavega"]
[Black "Poirot"]
[Result "0-1"]
[WhiteElo "1354"]
[BlackElo "1796"]

1. d4 Nf6 2. b3 d5 3. Bg5 Nbd7 4. Nc3 e6 5. e3 a6 6. Nh3 Bb4 7. Qd2 O-O 8. a3
Ba5 9. b4 Bb6 10. Bd3 h6 11. Bh4 c6 12. Qe2 e5 13. Nd1 Re8 14. Qf3 e4 15. Qg3
exd3 16. cxd3 Bc7 17. f4 Re7 18. Ndf2 Kf8 19. O-O Qe8 20. Ng5 Rxe3 21. Nf3 Nh5
22. Qh3 Ndf6 23. f5 Nf4 24. Qg3 Ne2+ 0-1